Statistics for Current US Senators

Click here to take the quiz!

General Stats

  • This quiz has been taken 5,878 times
    (2,123 since last reset)
  • The average score is 61 of 101

Answer Stats

StateAnswer% Correct
Vice PresidentKamala Harris
97%
VermontBernie Sanders
94%
TexasTed Cruz
93%
KentuckyMitch McConnell
92%
New YorkChuck Schumer
91%
GeorgiaRaphael Warnock
89%
GeorgiaJon Ossoff
89%
MaineSusan Collins
87%
MassachusettsElizabeth Warren
87%
FloridaMarco Rubio
87%
CaliforniaDianne Feinstein
85%
UtahMitt Romney
85%
AlaskaLisa Murkowski
85%
ArizonaMark Kelly
82%
South CarolinaTim Scott
80%
FloridaRick Scott
80%
ArizonaKyrsten Sinema
79%
KentuckyRand Paul
79%
New JerseyCory Booker
78%
MinnesotaAmy Klobuchar
78%
South CarolinaLindsey Graham
78%
MissouriJosh Hawley
78%
AlabamaTommy Tuberville
78%
MaineAngus King
77%
West VirginiaJoe Manchin
76%
ColoradoJohn Hickenlooper
74%
IllinoisTammy Duckworth
74%
New YorkKirsten Gillibrand
74%
ArkansasTom Cotton
73%
MinnesotaTina Smith
71%
IowaChuck Grassley
71%
VirginiaTim Kaine
69%
IowaJoni Ernst
69%
PennsylvaniaPat Toomey
69%
DelawareChris Coons
69%
WisconsinRon Johnson
67%
NebraskaBen Sasse
66%
IllinoisDick Durbin
66%
LouisianaJohn Neely Kennedy
65%
TexasJohn Cornyn
65%
HawaiiMazie Hirono
65%
MassachusettsEd Markey
64%
OhioSherrod Brown
64%
VermontPatrick Leahy
63%
ColoradoMichael Bennet
61%
North CarolinaThom Tillis
61%
UtahMike Lee
61%
CaliforniaAlex Padilla
60%
MichiganGary Peters
60%
AlaskaDan Sullivan
59%
MontanaJon Tester
59%
OhioRob Portman
58%
WisconsinTammy Baldwin
58%
TennesseeMarsha Blackburn
57%
MississippiCindy Hyde-Smith
57%
NevadaCatherine Cortez Masto
57%
Rhode IslandSheldon Whitehouse
56%
AlabamaRichard Shelby
55%
MontanaSteve Daines
55%
New JerseyBob Menendez
55%
ConnecticutRichard Blumenthal
54%
MissouriRoy Blunt
54%
HawaiiBrian Schatz
53%
LouisianaBill Cassidy
53%
North CarolinaRichard Burr
52%
New HampshireJeanne Shaheen
52%
VirginiaMark Warner
51%
West VirginiaShelley Moore Capito
51%
MichiganDebbie Stabenow
51%
ConnecticutChris Murphy
51%
IdahoMike Crapo
49%
PennsylvaniaBob Casey
48%
New HampshireMaggie Hassan
48%
IndianaMike Braun
48%
IndianaTodd Young
48%
OklahomaJim Inhofe
47%
South DakotaJohn Thune
47%
DelawareTom Carper
45%
OregonJeff Merkley
45%
ArkansasJohn Boozman
44%
WashingtonPatty Murray
44%
MarylandChris Van Hollen
43%
OregonRon Wyden
43%
OklahomaJames Lankford
43%
New MexicoBen Ray Luján
43%
KansasRoger Marshall
41%
WyomingJohn Barrasso
40%
WyomingCynthia Lummis
40%
NevadaJacky Rosen
40%
IdahoJim Risch
40%
Rhode IslandJack Reed
38%
WashingtonMaria Cantwell
38%
NebraskaDeb Fischer
38%
MarylandBen Cardin
38%
MississippiRoger Wicker
37%
New MexicoMartin Heinrich
37%
North DakotaKevin Cramer
36%
KansasJerry Moran
35%
South DakotaMike Rounds
34%
TennesseeBill Hagerty
31%
North DakotaJohn Hoeven
31%

Score Distribution

Percentile by Number Answered

Percent of People with Each Score

Your Score History

You have not taken this quiz since the last reset